000 nam a22 7a 4500
999 _c8248
_d8248
008 171212b xxu||||| |||| 00| 0 eng d
020 _a9173049260924
100 _aJenkins, Peter
_94672
245 _aA walk across america
260 _aNew York
_bGuideposts
_c1979